Statistics for United Kingdom Geography by Letters QXYZ - Picture Quiz

Click here to take the quiz!

General Stats

  • This quiz has been taken 165 times
    (112 since last reset)
  • The average score is 5 of 15

Answer Stats

Answer% Correct
York
91%
Chester {Zoo}
73%
Great {Yarmouth}
67%
Jewellery {Quarter}
55%
QPR
54%
Quorn
48%
Yeovil
47%
Xi'an
23%
Yell
19%
Zetland
18%
Queensferry
14%
Zennor
12%
{Zeal} Monachorum
10%
Queensway
9%
Xscape
9%

Score Distribution

Percentile by Number Answered

Percent of People with Each Score

Your Score History

You have not taken this quiz since the last reset